[Event "1. liga V 24/25, Trinec-Jundrov"]
[Site ""]
[Date "2024.10.20"]
[Round "1.4"]
[White "Buchta, Vaclav"]
[Black "Zvarik, Martin"]
[Result "1-0"]
[WhiteFideId "23739118"]
[BlackFideId "14908565"]
[WhiteElo "2204"]
[BlackElo "2160"]
[PlyCount "0"]
[WhiteTeam "Jezdci Jundrov"]
[BlackTeam "TJ TZ Trinec"]
[EventDate "2024.10.20"]

1. c4 g5 2. d4 Bg7 3. Nc3 c5 4. d5 h6 5. e4 d6 6. Be2 Nd7 7. h4 gxh4 8. Nf3 h3
9. Rxh3 Ne5 10. Rg3 Nxf3+ 11. gxf3 Bf6 12. f4 Bd7 13. Bh5 Qc7 14. Bd2 O-O-O
15. Bxf7 h5 16. Bxh5 Bh4 17. Rg1 Nf6 18. Bg6 e6 19. Qe2 exd5 20. cxd5 Be8 21.
O-O-O Bxg6 22. Rxg6 Rde8 23. f3 a6 24. Rh1 Qf7 25. Qg2 Kb8 26. f5 Rd8 27. Bf4
Ka7 28. Qg1 Ne8 29. Rxh4 Rxh4 30. Bg5 Qh7 31. Bxh4 Qxh4 32. Ne2 Rd7 33. Rg4
Qh8 34. Rg8 Qh6+ 35. Qg5 Qh2 36. Qe3 Nf6 37. Rg6 Qh4 38. Kd2 Re7 39. Rh6 1-0

[Event "1. liga V 24/25, Trinec-Jundrov"]
[Site ""]
[Date "2024.10.20"]
[Round "1.5"]
[White "Tymrakiewicz, Rafal"]
[Black "Novosadova, Kristyna"]
[Result "1/2-1/2"]
[WhiteFideId "1108832"]
[BlackFideId "328065"]
[WhiteElo "2147"]
[BlackElo "2061"]
[PlyCount "0"]
[WhiteTeam "TJ TZ Trinec"]
[BlackTeam "Jezdci Jundrov"]
[EventDate "2024.10.20"]

1. d4 Nf6 2. Nf3 g6 3. c4 c5 4. e3 Bg7 5. Nc3 cxd4 6. exd4 d5 7. h3 O-O 8. Bd3
Nc6 9. O-O Nb4 10. Be2 dxc4 11. Bxc4 Nbd5 12. Re1 e6 13. Bg5 Qb6 14. Qd2 Bd7
15. Ne5 Bc6 16. Nxc6 Qxc6 17. Bb3 Rac8 18. Rac1 Nxc3 19. Rxc3 Qb6 20. Bxf6
Bxf6 21. Rd3 Rfd8 22. d5 exd5 23. Rxd5 Qc7 24. Qe2 Kg7 25. g3 b6 26. Red1 Rxd5
27. Bxd5 Qc2 28. Qxc2 Rxc2 29. Bb3 Rc7 30. Rd2 Kf8 31. Kf1 Ke7 32. Bd5 Bg5 33.
Re2+ Kd6 34. Ba8 Bc1 35. Ke1 Bh6 36. Kf1 a5 37. b3 b5 38. Kg2 Ra7 39. Be4 Kc5
40. a4 b4 41. Rc2+ Kd6 42. Rc6+ Ke7 43. Bd5 Bg7 44. f4 Bd4 45. Kf3 Rd7 46. Bc4
Rd6 47. Rxd6 Kxd6 48. Bxf7 Ke7 49. Bc4 Kf6 50. g4 h6 51. Ke4 Bb6 52. h4 g5 53.
fxg5+ hxg5 54. h5 Kg7 55. Bd3 Kh6 56. Ke5 Bd8 57. Kd6 Bb6 58. Ke7 Bc7 59. Be4
Bb6 60. Kd7 Kg7 61. Kc6 Bd8 62. Kd6 Bb6 63. Bf5 Bd8 64. Bg6 Bb6 65. Kd7 Kh6
66. Kc8 Kg7 67. Be8 Kh6 1/2-1/2

[Event "1. liga V 24/25, Trinec-Jundrov"]
[Site ""]
[Date "2024.10.20"]
[Round "1.6"]
[White "Kuchar, Matej"]
[Black "Frolik, Martin"]
[Result "1/2-1/2"]
[WhiteFideId "358207"]
[BlackFideId "304123"]
[WhiteElo "2031"]
[BlackElo "2128"]
[PlyCount "0"]
[WhiteTeam "Jezdci Jundrov"]
[BlackTeam "TJ TZ Trinec"]
[EventDate "2024.10.20"]

1. e4 c5 2. Nf3 e6 3. d4 cxd4 4. Nxd4 Nf6 5. Nc3 Nc6 6. Ndb5 d6 7. Bf4 e5 8.
Bg5 a6 9. Bxf6 gxf6 10. Na3 b5 11. Nd5 Bg7 12. Be2 O-O 13. Bg4 Ne7 14. Bxc8
Rxc8 15. c3 f5 16. Nxe7+ Qxe7 17. exf5 b4 18. Nc2 bxc3 19. bxc3 e4 20. O-O
Rxc3 21. Ne3 Rxe3 22. fxe3 Bxa1 23. Qxa1 Qe5 24. Qb1 Re8 25. Rf4 Qc3 26. Qb6
Qe1+ 27. Rf1 Qc3 28. h3 Rc8 29. Rf4 Re8 30. Kh2 Qc5 31. Qb3 Qe5 32. Qb7 a5 33.
a4 Re7 34. Qb6 Re8 35. Qc6 Re7 36. Qa8+ Re8 37. Qa6 Re7 38. Qb6 Re8 39. h4 h6
40. Qc6 Re7 41. Qc8+ Re8 42. Qa6 Kh7 43. Qa7 Re7 44. Qb6 Re8 45. Qc7 Re7 46.
Qd8 Re8 47. Qb6 Re7 48. Qd8 1/2-1/2

[Event "1. liga V 24/25, Trinec-Jundrov"]
[Site ""]
[Date "2024.10.20"]
[Round "1.7"]
[White "Sikora, Jan"]
[Black "Tovarek, Antonin"]
[Result "1/2-1/2"]
[WhiteFideId "305405"]
[BlackFideId "384682"]
[WhiteElo "2096"]
[BlackElo "1985"]
[PlyCount "0"]
[WhiteTeam "TJ TZ Trinec"]
[BlackTeam "Jezdci Jundrov"]
[EventDate "2024.10.20"]

1. e4 c5 2. Nf3 Nc6 3. Nc3 a6 4. d4 cxd4 5. Nxd4 e5 6. Nf5 d6 7. Ne3 Nf6 8.
Bc4 Be6 9. O-O Be7 10. Ned5 h6 11. Be3 Bxd5 12. Nxd5 Nxd5 13. Qxd5 O-O 14.
Rad1 Rc8 15. c3 b5 16. Be2 Qc7 17. a4 bxa4 18. Bxa6 Rb8 19. Bb5 Na7 20. Bxa4
Rxb2 21. Rb1 Rbb8 22. Rxb8 Rxb8 23. Bb3 Bg5 24. Qxf7+ Qxf7 25. Bxf7+ Kxf7 26.
Bxa7 Rb3 27. f4 exf4 28. Bd4 Bf6 29. Rxf4 Ke6 30. Bxf6 gxf6 31. Rf3 Ke5 32.
Kf2 Kxe4 33. Rxf6 Rxc3 34. Rxd6 h5 35. Rf6 h4 36. h3 Rc2+ 37. Kg1 Ke5 38. Rf8
Rb2 39. Kf1 Ra2 40. Rh8 Ra4 41. Kf2 Kf5 42. Rh5+ Kg6 43. Re5 Kf6 44. Re8 Kf5
45. Rf8+ Kg5 46. Rg8+ Kf5 47. g4+ hxg3+ 48. Kxg3 Ra6 49. Rb8 Rg6+ 50. Kf3 Kg5
51. Kg3 Kh5+ 52. Kh2 Rh6 53. Rb5+ Kh4 54. Rb4+ Kh5 55. Rb5+ Kh4 56. Rb4+ Kh5
57. Rb5+ 1/2-1/2

[Event "1. liga V 24/25, Trinec-Jundrov"]
[Site ""]
[Date "2024.10.20"]
[Round "1.8"]
[White "Mlynek, Petr"]
[Black "Pilch, Roman"]
[Result "0-1"]
[WhiteFideId "307670"]
[BlackFideId "337870"]
[WhiteElo "1991"]
[BlackElo "2189"]
[PlyCount "0"]
[WhiteTeam "Jezdci Jundrov"]
[BlackTeam "TJ TZ Trinec"]
[EventDate "2024.10.20"]

1. d4 g6 2. c4 Bg7 3. Nf3 d6 4. g3 e5 5. Bg2 Nc6 6. Bg5 f6 7. Be3 e4 8. Nfd2
f5 9. f3 exf3 10. Nxf3 Qe7 11. Qd2 Nf6 12. Nc3 O-O 13. Nd5 Qd7 14. O-O Re8 15.
Nxf6+ Bxf6 16. d5 Ne5 17. Nxe5 Bxe5 18. Bf4 Bh8 19. Rae1 Qg7 20. b3 Qd4+ 21.
Qxd4 Bxd4+ 22. e3 Bc3 23. Re2 Bd7 24. Rc1 Bf6 25. h4 b6 26. b4 Be5 27. Kf2 a5
28. b5 Re7 29. Bxe5 Rxe5 30. Rce1 Rf8 31. Kg1 Kg7 32. e4 f4 33. Bf3 h5 34. Kh2
g5 35. Rg1 fxg3+ 36. Rxg3 Rxf3 37. Rxf3 Bg4 38. Rfe3 Bxe2 39. Rxe2 gxh4 40.
Kh3 Re7 41. Kxh4 Kf6 42. Kxh5 Ke5 43. Kg6 Kd4 44. Kf5 Kxc4 45. Kf6 Rh7 46. e5
dxe5 47. Rxe5 Rd7 48. a4 Rxd5 49. Re4+ Kc5 50. Ke6 Rd1 51. Ke7 c6 52. Re5+ Rd5
53. Re1 cxb5 54. Ke6 Rh5 55. axb5 Kxb5 56. Rb1+ Ka6 57. Kd6 Rc5 58. Rb2 Rc1 0-1

[Event "1. liga V 24/25, Chotebor-Jundrov"]
[Site ""]
[Date "2024.11.10"]
[Round "2.1"]
[White "Riha, Vojtech"]
[Black "Zwardon, Vojtech"]
[Result "1/2-1/2"]
[WhiteFideId "377430"]
[BlackFideId "325511"]
[WhiteElo "2261"]
[BlackElo "2446"]
[PlyCount "0"]
[WhiteTeam "TJ CHS Chotebor"]
[BlackTeam "Jezdci Jundrov"]
[EventDate "2024.10.20"]

1. e4 c5 2. Nf3 Nc6 3. Bb5 g6 4. O-O Bg7 5. Re1 e5 6. c3 Nge7 7. d3 O-O 8. h3
a6 9. Ba4 d6 10. Nbd2 h6 11. Nf1 Be6 12. Be3 b5 13. Bc2 f5 14. a4 f4 15. Bc1
Qd7 16. Bb3 g5 17. Bxe6+ Qxe6 18. N1d2 Kh7 19. axb5 axb5 20. Rxa8 Rxa8 21. Qb3
Qxb3 22. Nxb3 Kg6 23. g4 Ra2 24. Kf1 h5 25. Ke2 hxg4 26. hxg4 Ng8 27. Nfd2 Nf6
28. f3 Nd7 29. Nb1 Nb6 30. Na3 Na4 31. Nxb5 Nxb2 32. Bd2 c4 33. dxc4 Nxc4 34.
Kd3 d5 35. exd5 e4+ 36. Rxe4 N6e5+ 37. Ke2 Rb2 38. N5d4 Nd6 39. Rxe5 Bxe5 40.
Kd3 Kf6 41. Bc1 Rf2 42. c4 Bxd4 43. Nxd4 Nf7 44. Ke4 Ne5 45. Bxf4 Nxc4 46. Bc7
Ke7 47. Ne6 Kd7 48. Bd8 Rd2 49. Bxg5 Nd6+ 50. Ke5 Nc4+ 51. Ke4 Nd6+ 52. Ke5
Nc4+ 53. Ke4 Nd6+ 1/2-1/2

[Event "1. liga V 24/25, Chotebor-Jundrov"]
[Site ""]
[Date "2024.11.10"]
[Round "2.2"]
[White "Fiala, Vaclav"]
[Black "Brozka, Karel"]
[Result "1-0"]
[WhiteFideId "331503"]
[BlackFideId "398705"]
[WhiteElo "2219"]
[BlackElo "2188"]
[PlyCount "0"]
[WhiteTeam "Jezdci Jundrov"]
[BlackTeam "TJ CHS Chotebor"]
[EventDate "2024.10.20"]

1. e4 c6 2. Nf3 d5 3. Nc3 Nf6 4. e5 Ne4 5. Ne2 Qb6 6. d4 e6 7. Ng3 c5 8. Bd3
Nxg3 9. fxg3 cxd4 10. O-O Nc6 11. Qe2 h6 12. a3 Bd7 13. g4 f6 14. b4 O-O-O 15.
Bf4 Be7 16. Kh1 Rhf8 17. Bg3 fxe5 18. Nxe5 Bf6 19. Nxd7 Kxd7 20. a4 Rc8 21. a5
Qd8 22. Rae1 Qe7 23. Bf5 Nd8 24. Qb5+ Rc6 25. Rxe6 Qxe6 26. Bxe6+ Kxe6 27.
Re1+ Kf7 28. Qxd5+ Kg6 29. b5 Rc3 30. Bd6 Rh8 31. Qf5+ Kf7 32. Re7+ Kf8 33.
Rxb7+ Kg8 34. Rxa7 Re3 35. h4 Re6 36. Rd7 Re1+ 37. Kh2 Nf7 38. Qd5 Kh7 39.
Qxf7 Rf1 40. Qc4 1-0

[Event "1. liga V 24/25, Chotebor-Jundrov"]
[Site ""]
[Date "2024.11.10"]
[Round "2.3"]
[White "Vesely, Vitek"]
[Black "Blatny, Pavel"]
[Result "1-0"]
[WhiteFideId "348880"]
[BlackFideId "300047"]
[WhiteElo "2179"]
[BlackElo "2325"]
[PlyCount "0"]
[WhiteTeam "TJ CHS Chotebor"]
[BlackTeam "Jezdci Jundrov"]
[EventDate "2024.10.20"]

1. d4 Nf6 2. c4 Nc6 3. Nf3 e6 4. a3 d5 5. e3 a6 6. Qc2 dxc4 7. Bxc4 Bd6 8.
Nbd2 e5 9. dxe5 Nxe5 10. Nxe5 Bxe5 11. Nf3 Bd6 12. Bd2 Qe7 13. Bc3 Ne4 14.
Bxf7+ Kf8 15. Bd5 Nxc3 16. Qxc3 c6 17. Bb3 Bg4 18. Bd1 Bxf3 19. Bxf3 Be5 20.
Qc2 Rd8 21. O-O g6 22. Rad1 Kg7 23. Rxd8 Rxd8 24. Rd1 Rxd1+ 25. Bxd1 Qf6 26.
b3 Bb2 27. a4 Qc3 28. Qxc3+ Bxc3 29. Bg4 b5 30. Bc8 a5 31. Bd7 bxa4 32. bxa4
c5 33. Bb5 g5 34. f3 Kf6 35. Kf2 Ke5 36. Bc4 Bd2 37. Ke2 Bc1 38. Kd3 h6 39.
Ba6 Kd5 40. g3 Ke5 41. Bb5 Kf5 42. Bd7+ Kf6 43. Bb5 Kf5 44. h3 Kg6 45. Ke4 Bd2
46. f4 gxf4 47. gxf4 Kh5 48. Kf3 Kh4 49. Bf1 c4 50. Bxc4 Kxh3 51. e4 h5 52. e5
Bc3 53. Ke4 h4 54. e6 Bf6 55. Kf5 Bd8 56. Kg6 Kg4 57. f5 h3 58. f6 h2 59. Bd5
1-0

[Event "1. liga V 24/25, Chotebor-Jundrov"]
[Site ""]
[Date "2024.11.10"]
[Round "2.4"]
[White "Slepov, Cyril"]
[Black "Ondracek, Ondrej"]
[Result "1-0"]
[WhiteFideId "378364"]
[BlackFideId "325708"]
[WhiteElo "2136"]
[BlackElo "2099"]
[PlyCount "0"]
[WhiteTeam "Jezdci Jundrov"]
[BlackTeam "TJ CHS Chotebor"]
[EventDate "2024.10.20"]

1. d4 d5 2. c4 c6 3. cxd5 cxd5 4. Nc3 Nf6 5. Bf4 Nc6 6. e3 a6 7. Bd3 e6 8. Nf3
Be7 9. O-O Nh5 10. Be5 Nf6 11. Rc1 O-O 12. Bg3 Nh5 13. Be5 Nf6 14. Bg3 Nh5 15.
Na4 Nxg3 16. hxg3 Bd7 17. Nc5 Bxc5 18. Rxc5 h6 19. Qb3 b6 20. Rc3 Qb8 21. Rfc1
Rc8 22. a4 Qb7 23. Qa3 Be8 24. g4 b5 25. axb5 axb5 26. Qd6 Rd8 27. Qf4 Rac8
28. g5 h5 29. g4 hxg4 30. Nh2 Nb4 31. Bb1 Qb8 32. Qxg4 Rc4 33. Qh5 f5 34. g6
Bd7 35. Nf3 1-0

[Event "1. liga V 24/25, Chotebor-Jundrov"]
[Site ""]
[Date "2024.11.10"]
[Round "2.5"]
[White "Karasek, Lukas"]
[Black "Seidl, Stepan"]
[Result "1-0"]
[WhiteFideId "325031"]
[BlackFideId "338290"]
[WhiteElo "2198"]
[BlackElo "2169"]
[PlyCount "0"]
[WhiteTeam "TJ CHS Chotebor"]
[BlackTeam "Jezdci Jundrov"]
[EventDate "2024.10.20"]

1. e4 c5 2. Nf3 Nc6 3. d4 cxd4 4. Nxd4 g6 5. c4 Bg7 6. Be3 Nf6 7. Nc3 Ng4 8.
Qxg4 Nxd4 9. Qd1 e5 10. Bd3 d6 11. O-O O-O 12. Qd2 Bg4 13. f3 Be6 14. Rac1 Qa5
15. Rfd1 Rfc8 16. b3 a6 17. Qb2 b5 18. Nd5 Bxd5 19. cxd5 b4 20. Rc4 Rxc4 21.
Bxc4 Qb6 22. Qf2 a5 23. f4 Kh8 24. Rf1 Rf8 25. f5 gxf5 26. Bxd4 Qxd4 27. Qxd4
exd4 28. Rxf5 Kg8 29. Kf2 Re8 30. Kf3 Re5 31. Rf4 Kf8 32. g3 Ke7 33. Rh4 h6
34. Rf4 h5 35. h4 Bh6 36. Be2 Kf8 37. Rf6 Bg7 38. Rxd6 f5 39. Bd3 fxe4+ 40.
Bxe4 Re7 41. Rd8+ Kf7 42. d6 Ra7 43. Bd5+ 1-0

[Event "1. liga V 24/25, Chotebor-Jundrov"]
[Site ""]
[Date "2024.11.10"]
[Round "2.6"]
[White "Novosadova, Kristyna"]
[Black "Tuma, Jiri"]
[Result "1-0"]
[WhiteFideId "328065"]
[BlackFideId "318337"]
[WhiteElo "2078"]
[BlackElo "2277"]
[PlyCount "0"]
[WhiteTeam "Jezdci Jundrov"]
[BlackTeam "TJ CHS Chotebor"]
[EventDate "2024.10.20"]

1. e4 c5 2. Nf3 Nc6 3. d4 cxd4 4. Nxd4 Nf6 5. Nc3 e5 6. Ndb5 d6 7. Bg5 a6 8.
Na3 b5 9. Nd5 Be7 10. Bxf6 Bxf6 11. c3 Bg5 12. Nc2 O-O 13. a4 bxa4 14. Rxa4 a5
15. b4 Bb7 16. b5 Nb8 17. h4 Bh6 18. Nce3 Nd7 19. Nf5 Bxd5 20. Nxh6+ gxh6 21.
exd5 f5 22. Rc4 Nc5 23. Rxc5 dxc5 24. d6 Kh8 25. Qd5 Rf6 26. Be2 Rxd6 27. Qxc5
Rd5 28. Qe3 Qd6 29. O-O a4 30. c4 Rc5 31. Rd1 Qe7 32. Qa3 Qc7 33. Rb1 Rxc4 34.
Bxc4 Qxc4 35. b6 Qe4 36. Rb4 Qe1+ 37. Kh2 Qxf2 38. Qc3 Qe2 39. Rb2 Qe4 40. b7
Qxh4+ 41. Kg1 Rb8 42. Qxe5+ 1-0

[Event "1. liga V 24/25, Chotebor-Jundrov"]
[Site ""]
[Date "2024.11.10"]
[Round "2.7"]
[White "Vala, Filip"]
[Black "Pycha, Patrik"]
[Result "1/2-1/2"]
[WhiteFideId "325490"]
[BlackFideId "344630"]
[WhiteElo "2107"]
[BlackElo "2062"]
[PlyCount "0"]
[WhiteTeam "TJ CHS Chotebor"]
[BlackTeam "Jezdci Jundrov"]
[EventDate "2024.10.20"]

1. d4 Nf6 2. Nf3 e6 3. c4 Bb4+ 4. Bd2 a5 5. g3 d6 6. Bg2 Nbd7 7. O-O e5 8.
dxe5 Nxe5 9. Bxb4 axb4 10. Qb3 Nc6 11. Nbd2 O-O 12. a3 bxa3 13. Rxa3 Rxa3 14.
Qxa3 Re8 15. e3 Bf5 16. Nh4 Be6 17. Qa4 Qd7 18. Ra1 Bh3 19. Bf3 Ng4 20. Qb5
Nge5 21. Qxb7 Nd8 22. Qa8 g5 23. Ng2 Ne6 24. Qa4 Qxa4 25. Rxa4 Nc5 26. Ra2 Nb3
27. Bc6 Rb8 28. Nxb3 Rxb3 29. Bd5 Rd3 30. Ra1 Rd2 31. Ne1 Rxb2 32. Nf3 Nxf3+
33. Bxf3 Rc2 34. Bd5 Kg7 35. f4 gxf4 36. exf4 c6 37. Bxc6 Rxc4 38. Bg2 Be6 39.
Rd1 Bg4 40. Rxd6 Rc1+ 41. Kf2 Rc2+ 42. Kg1 Rc1+ 1/2-1/2

[Event "1. liga V 24/25, Chotebor-Jundrov"]
[Site ""]
[Date "2024.11.10"]
[Round "2.8"]
[White "Tovarek, Antonin"]
[Black "Sukdolak, Radek"]
[Result "1/2-1/2"]
[WhiteFideId "384682"]
[BlackFideId "361283"]
[WhiteElo "1988"]
[BlackElo "2009"]
[PlyCount "0"]
[WhiteTeam "Jezdci Jundrov"]
[BlackTeam "TJ CHS Chotebor"]
[EventDate "2024.10.20"]

1. e4 c5 2. Nf3 Nc6 3. d4 cxd4 4. Nxd4 a6 5. c4 d6 6. Nc3 Nf6 7. Bg5 Qa5 8.
Bxf6 gxf6 9. g3 Bg7 10. Nb3 Qd8 11. f4 f5 12. Bg2 Na5 13. Qe2 Bxc3+ 14. bxc3
Qc7 15. exf5 Bxf5 16. Nd4 Bd7 17. Bd5 h5 18. f5 Rc8 19. Rb1 b6 20. O-O Qc5 21.
Rbe1 Kd8 22. Qxe7+ Kc7 23. Qxf7 Rhf8 24. Qh7 Nxc4 25. Bxc4 Qxc4 26. Ne6+ Kc6
27. Nd4+ Kc7 28. Ne6+ Kc6 29. Nxf8 Rxf8 30. Rf2 Qc5 31. Qe7 Rxf5 32. Qe4+ Kc7
33. Qd4 Rd5 34. Qxc5+ Rxc5 35. Re7 Kc6 36. Rff7 Bg4 37. Rc7+ Kb5 38. Rxc5+
dxc5 39. Re7 Kc4 40. Re3 b5 41. Kf2 a5 42. Ke1 a4 43. Kd2 a3 44. Re4+ Kd5 45.
Rf4 Ke5 46. Kc2 Be6 47. Kb1 1/2-1/2

[Event "1. liga V 24/25, Dobra-Trinec"]
[Site ""]
[Date "2024.11.10"]
[Round "2.1"]
[White "Bochnicka, Vladimir"]
[Black "Langner, Ladislav"]
[Result "1/2-1/2"]
[WhiteFideId "14943450"]
[BlackFideId "300403"]
[WhiteElo "2347"]
[BlackElo "2353"]
[PlyCount "0"]
[WhiteTeam "Sokol Dobra"]
[BlackTeam "TJ TZ Trinec"]
[EventDate "2024.10.20"]

1. e4 c5 2. Nf3 e6 3. d4 cxd4 4. Nxd4 Nf6 5. Nc3 Nc6 6.
Ndb5 Bb4 7. a3 Bxc3+ 8. Nxc3 d5 9. exd5 exd5 10. Bd3 Bg4 11. f3 Be6 12. O-O h6
13. Kh1 O-O 14. Re1 Rc8 15. Ne2 Ne5 16. Nd4 Nxd3 17. Qxd3 Qd6 18. Bd2 Nd7 19.
Nb5 Qb6 20. Be3 Nc5 21. Qf1 a6 22. b4 Qxb5 23. Bxc5 Qxf1+ 24. Rxf1 Rfe8 25. c3
Bd7 26. Rfe1 Ba4 27. Kg1 f6 28. Kf2 1/2-1/2

[Event "1. liga V 24/25, Dobra-Trinec"]
[Site ""]
[Date "2024.11.10"]
[Round "2.2"]
[White "Fargac, Martin"]
[Black "Jakab, Bela"]
[Result "1-0"]
[WhiteFideId "345245"]
[BlackFideId "14933128"]
[WhiteElo "2357"]
[BlackElo "2361"]
[PlyCount "0"]
[WhiteTeam "TJ TZ Trinec"]
[BlackTeam "Sokol Dobra"]
[EventDate "2024.10.20"]

1. d4 d5 2. c4 e6 3. Nc3 Nf6 4. cxd5 Nxd5 5. e4 Nxc3 6.
bxc3 c5 7. Rb1 cxd4 8. cxd4 Nc6 9. Nf3 Bb4+ 10. Bd2 Bxd2+ 11. Qxd2 O-O 12. Bb5
Bd7 13. O-O Re8 14. Rfe1 Rc8 15. h4 h6 16. h5 a6 17. Bd3 e5 18. Rxb7 Nxd4 19.
Nxd4 exd4 20. Bxa6 Ra8 21. Bc4 Be6 22. Bxe6 Rxe6 23. Rb4 Qa5 24. Rxd4 Qxa2 25.
Qxa2 Rxa2 26. Rc1 g6 27. hxg6 Rxg6 28. Rc3 Kg7 29. Rf3 Rf6 30. Rxf6 Kxf6 31.
Rd5 Re2 32. f3 Kg6 33. Rd6+ Kg7 34. Kh2 Rb2 35. Kh3 Rf2 36. e5 Re2 37. f4 Re1
38. Rd7 Kg6 39. g4 Re3+ 40. Kg2 Kg7 41. Kf2 Re4 42. Kf3 Re1 43. Rc7 Kg8 44. Rc4
Kg7 45. Kf2 Ra1 46. Rc7 Ra2+ 47. Ke3 Ra3+ 48. Kd4 Ra4+ 49. Rc4 Ra1 50. f5 Rg1
51. Kd5 Rd1+ 52. Rd4 Ra1 53. Kd6 Re1 54. Rc4 Re2 55. Rc7 Rd2+ 56. Ke7 Re2 57.
e6 fxe6 58. f6+ 1-0

[Event "1. liga V 24/25, Dobra-Trinec"]
[Site ""]
[Date "2024.11.10"]
[Round "2.3"]
[White "Straka, Jozef"]
[Black "Szotkowski, Jakub"]
[Result "1/2-1/2"]
[WhiteFideId "14910560"]
[BlackFideId "330590"]
[WhiteElo "2277"]
[BlackElo "2303"]
[PlyCount "0"]
[WhiteTeam "Sokol Dobra"]
[BlackTeam "TJ TZ Trinec"]
[EventDate "2024.10.20"]

1. d4 Nf6 2. c4 c5 3. d5 b5 4. cxb5 a6 5. bxa6 g6 6. Nc3
Qa5 7. Bd2 Bxa6 8. Ne4 Qb6 9. Nxf6+ exf6 10. Bc3 Bg7 11. e3 O-O 12. Ne2 d6 13.
Nf4 Bxf1 14. Kxf1 Na6 15. g3 Nc7 16. Kg2 Nb5 17. Bd2 f5 18. Qc2 Qb7 19. Rhd1
Rfe8 20. a4 Nc7 21. Bc3 Be5 22. Kg1 Bxf4 23. exf4 Nxd5 24. Qd3 Nxc3 25. bxc3
Re6 26. a5 Ra6 27. Rdb1 Qc6 28. Rb8+ Kg7 29. Qb5 Qxb5 30. Rxb5 Re8 1/2-1/2

[Event "1. liga V 24/25, Dobra-Trinec"]
[Site ""]
[Date "2024.11.10"]
[Round "2.4"]
[White "Zvarik, Martin"]
[Black "Kula, Dominik"]
[Result "1-0"]
[WhiteFideId "14908565"]
[BlackFideId "344338"]
[WhiteElo "2149"]
[BlackElo "2199"]
[PlyCount "0"]
[WhiteTeam "TJ TZ Trinec"]
[BlackTeam "Sokol Dobra"]
[EventDate "2024.10.20"]

1. e4 c5 2. Nc3 Nc6 3. f4 g6 4. Nf3 Bg7 5. Bb5 Nd4 6. O-O
Nxb5 7. Nxb5 a6 8. Nc3 b5 9. d3 Bb7 10. Qe1 Nf6 11. e5 Nd5 12. Ne4 Qb6 13. Be3
Nxe3 14. Qxe3 Bxe4 15. dxe4 Qc7 16. Rad1 O-O 17. Rd5 d6 18. Rfd1 dxe5 19. fxe5
c4 20. Rd7 Qa5 21. a3 Rad8 22. Qc5 Rxd7 23. Rxd7 Qa4 24. Nd4 Bh6 25. Kf2 Bc1
26. Qxe7 Bxb2 27. Ne6 Qxc2+ 28. Kg3 Qc3+ 29. Kg4 h5+ 30. Kh4 Qe1+ 31. Kh3 Qe3+
32. g3 Bxa3 33. Qf6 Qh6 34. Nxf8 Bxf8 35. Qxf7+ Kh8 36. Rd8 1-0

[Event "1. liga V 24/25, Dobra-Trinec"]
[Site ""]
[Date "2024.11.10"]
[Round "2.5"]
[White "Kratochvil, Josef"]
[Black "Tymrakiewicz, Rafal"]
[Result "1-0"]
[WhiteFideId "328626"]
[BlackFideId "1108832"]
[WhiteElo "2251"]
[BlackElo "2145"]
[PlyCount "0"]
[WhiteTeam "Sokol Dobra"]
[BlackTeam "TJ TZ Trinec"]
[EventDate "2024.10.20"]

1. e4 c6 2. d4 d5 3. Nc3 dxe4 4. Nxe4 Nf6 5. Nxf6+ gxf6 6.
Nf3 Rg8 7. g3 Bg4 8. Bg2 Qa5+ 9. c3 Qb5 10. a4 Qc4 11. Be3 Nd7 12. Qc2 Rg7 13.
b3 Qe6 14. Nh4 Bh3 15. Be4 Qd6 16. O-O-O e6 17. Bf4 Qa3+ 18. Kb1 Nb6 19. Bc1
Qd6 20. c4 Qb4 21. Ka2 f5 22. Bf3 Qe7 23. Rhe1 Bg4 24. Bxg4 Rxg4 25. Nxf5 Qf6
26. h3 Rg8 27. Bb2 O-O-O 28. Ne3 Bb4 29. Re2 Qg6 30. Ba3 Bxa3 31. Qxg6 Rxg6 32.
Kxa3 h5 33. a5 Nd7 34. h4 Nf6 35. Kb2 Kc7 36. Kc2 Rgg8 37. Ng2 Rd7 38. Nf4 Rgd8
39. Kc3 c5 40. d5 b6 41. axb6+ Kxb6 42. Re5 Rd6 43. f3 a5 44. Rd3 Nd7 45. Rxh5
e5 46. Ne2 Ra8 47. Kd2 a4 48. bxa4 Rxa4 49. Rb3+ Rb4 50. Kc3 Rxb3+ 51. Kxb3 Ka5
52. Rf5 Rb6+ 53. Kc3 f6 54. g4 Ka4 55. h5 Rb3+ 56. Kc2 Kb4 57. h6 Kxc4 58. h7
Rb8 59. Rh5 Rh8 60. Nc3 Kd4 61. Kd2 c4 62. d6 Kc5 63. Ne4+ Kd4 64. g5 fxg5 65.
Nxg5 Nf6 66. Rh4+ e4 67. fxe4 c3+ 68. Kc2 Kc5 69. e5 Nd5 70. Nf7 Rb8 71. h8=Q
Rb2+ 72. Kc1 Ne3 73. Qc8+ Kd5 74. Qxc3 1-0

[Event "1. liga V 24/25, Dobra-Trinec"]
[Site ""]
[Date "2024.11.10"]
[Round "2.6"]
[White "Sikorova, Olga"]
[Black "Slanina, Miroslav"]
[Result "1/2-1/2"]
[WhiteFideId "307033"]
[BlackFideId "304867"]
[WhiteElo "2165"]
[BlackElo "2146"]
[PlyCount "0"]
[WhiteTeam "TJ TZ Trinec"]
[BlackTeam "Sokol Dobra"]
[EventDate "2024.10.20"]

1. c4 c6 2. g3 d5 3. Bg2 Nf6 4. Nf3 Bf5 5. cxd5 cxd5 6. Qb3
Qb6 7. Qxb6 axb6 8. Nc3 Nc6 9. d3 e5 10. O-O Be7 11. Bg5 Be6 12. Nb5 Rc8 13.
Rfc1 O-O 14. d4 e4 15. Ne5 h6 16. Be3 Nd7 17. Nxc6 Rxc6 18. Na7 Rxc1+ 19. Rxc1
Ra8 20. Nc8 Bf8 21. a3 Nf6 22. Nxb6 Ra6 23. Nc8 Ra8 24. Nb6 1/2-1/2

[Event "1. liga V 24/25, Dobra-Trinec"]
[Site ""]
[Date "2024.11.10"]
[Round "2.7"]
[White "Filip, Tomas"]
[Black "Pilch, Roman"]
[Result "1/2-1/2"]
[WhiteFideId "358037"]
[BlackFideId "337870"]
[WhiteElo "1977"]
[BlackElo "2195"]
[PlyCount "0"]
[WhiteTeam "Sokol Dobra"]
[BlackTeam "TJ TZ Trinec"]
[EventDate "2024.10.20"]

1. e4 g6 2. d4 Bg7 3. c4 Nc6 4. Be3 d6 5. Ne2 e5 6. d5 Nce7
7. Nbc3 f5 8. f3 Nf6 9. Qd2 O-O 10. h3 a6 11. O-O-O b5 12. Qd3 bxc4 13. Qxc4
Bd7 14. Kb1 Qb8 15. Nc1 Qb7 16. Rd2 Nc8 17. Qb3 Nb6 18. Bd3 Rfb8 19. Qc2 Qc8
20. Nb3 a5 21. Nc1 f4 22. Bf2 c5 23. dxc6 Bxc6 24. Bxb6 Rxb6 25. Bc4+ Kh8 26.
Rhd1 Bf8 27. Nd5 1/2-1/2

[Event "1. liga V 24/25, Dobra-Trinec"]
[Site ""]
[Date "2024.11.10"]
[Round "2.8"]
[White "Schoupal, Patrik"]
[Black "Cech, Tomas"]
[Result "1-0"]
[WhiteFideId "320374"]
[BlackFideId "305480"]
[WhiteElo "1959"]
[BlackElo "2067"]
[PlyCount "0"]
[WhiteTeam "TJ TZ Trinec"]
[BlackTeam "Sokol Dobra"]
[EventDate "2024.10.20"]

1. e4 c6 2. d4 d5 3. e5 Bf5 4. h4 h5 5. Bg5 Qb6 6. Bd3 Bxd3
7. Qxd3 Qxb2 8. e6 Qxa1 9. Qb3 Qxd4 10. Qxb7 fxe6 11. Qxa8 Qb6 12. Nd2 Nf6 13.
Ngf3 Ng4 14. O-O Kf7 15. Be3 Nxe3 16. fxe3 Kg8 17. Rb1 Qxe3+ 18. Kh1 Nd7 19.
Qxc6 Nf6 20. Nf1 Qf2 21. Qxe6+ Kh7 22. Ne3 Rg8 23. Rf1 Qe2 24. Re1 Qf2 25. Qf5+
Kh8 26. Qg6 e5 27. Rf1 Qxe3 28. Ng5 1-0

[Event "1. liga V 24/25, BSS-Morenda"]
[Site ""]
[Date "2024.11.10"]
[Round "2.1"]
[White "Stalmach, Richard"]
[Black "Polak, Tomas"]
[Result "1/2-1/2"]
[WhiteFideId "372048"]
[BlackFideId "300560"]
[WhiteElo "2444"]
[BlackElo "2470"]
[PlyCount "0"]
[WhiteTeam "BSS Frydek-Mistek B"]
[BlackTeam "Moravska Slavia Brno B"]
[EventDate "2024.10.20"]

1. d4 e6 2. c4 Bb4+ 3. Nd2 Nf6 4. g3 O-O 5. Bg2 d5 6. Ngf3 c6 7. O-O Nbd7 8.
b3 b6 9. Bb2 Bb7 10. Qc2 Rc8 11. e4 c5 12. exd5 exd5 13. dxc5 dxc4 14. Nxc4
Be4 15. Qe2 Bxc5 16. Rad1 Qe7 17. Bh3 Rcd8 18. Rfe1 Rfe8 19. Ng5 Bg6 20. Qxe7
Rxe7 21. Rxe7 Bxe7 22. Nf3 Be4 23. Bg2 b5 24. Na5 Ne5 25. Rxd8+ Bxd8 26. Nxe5
Bxa5 27. Nc6 Bb6 28. Ne7+ Kf8 29. Bxf6 gxf6 30. Bxe4 Kxe7 31. Bxh7 b4 32. Kf1
Ke6 33. g4 Bc7 34. h4 Ke5 35. Ke2 Bd6 36. Bd3 Ke6 37. Ba6 Ke7 38. Kd3 Bc5 39.
f4 Bf2 40. h5 Kf8 41. Ke4 Kg7 42. Bc4 Be1 43. Kf5 Bc3 44. Bd3 Bb2 45. g5 fxg5
46. fxg5 Bc1 47. h6+ Kf8 48. Bc4 Bd2 49. Bf1 1/2-1/2